000 00866cam a2200241 a 4500
001 000001876
005 20240513194432.0
008 960703s1999 mx a 001 0 spa
020 _a970170262x
040 _aDO-SdBNP
_bspa
_cBNPHU
082 _a004
_bL848i, 1999
100 1 _aLong, Larry E.
_96131
245 1 0 _aIntrodución a las computadoras y a los sistemas de información /
_cLarry Long y Nancy Long ; traducción Jorge Luis Gutiérrez.
250 _a4a ed.
260 _aMéxico :
_bPrentice Hall,
_c1999.
300 _axv, 240, 128, 17, 14 p. :
_bil. ;
_c27 cm.
500 _aTítulo original: Introduction to computers & information systems
500 _aIncluye índice.
650 4 _aInformática
_95660
650 0 _aProcesamiento electrónico de datos
_92306
700 1 _aLong, Nancy
_d1947-
_96132
700 1 _aGutiérrez, Jorge Luis
_etr.
_96112
999 _c1753
_d1753